00745 2200217 4500001002100000005001700021008004100038035002400079040001200103082001700115084002000132245011200152260007100264300002900335500005400364504002500418650003600443700001800479850001200497990001800509INLIS00000000002365720161028101317.0  0010-101600000000609 aYOPDYOG 223a658.4036 aSK 658.4036 Pen aPENANGANAN Data kepegawaian koperasi unit desa kecamatan gamping dengan program foxbasec/ Supanti [et.all] aYogyakartabLembaga Pendidikan Kejuruan Gajah Mada Nusantarac1997 axi, 49 lembarc; 29,5 cm aKaryatulis Ilmiah Jurursan Profei Analis Komputer aBibliografi: hlm. 49 aManajemen Pengambilan Keputusan aYOYOK Wardoyo aYOPDYOG a45649-PD/A.12